[Event "DEM U8 2025"]
[Site "Willingen GER"]
[Date "2025.06.12"]
[Round "3"]
[White "Mâallem, Mats"]
[Black "Dimitrov, Simeon"]
[Result "1-0"]
[Termination "normal"]
[Board "15"]
[WhiteElo "1157"]
[BlackElo "992"]
[WhiteClock "00:22:36"]
[BlackClock "00:19:00"]
[PlyCount "106"]
[BlackFideId "533028214"]
[EventCountry "GER"]
[EventRounds "7"]
[EventType "swiss"]
[EventDate "2025.06.10"]

1. e4 {[%clk 01:00:28]} {[%emt 00:00:02]} c5 {[%clk 01:00:37]} {[%emt
00:00:08]} 2. Nf3 {[%clk 01:00:26]} {[%emt 00:00:17]} e6 {[%clk 01:00:21]}
{[%emt 00:00:31]} 3. d3 {[%clk 01:00:03]} {[%emt 00:00:38]} Nc6 {[%clk
00:59:48]} {[%emt 00:00:47]} 4. Be3 {[%clk 00:59:22]} {[%emt 00:00:57]} Be7
{[%clk 00:59:40]} {[%emt 00:00:18]} 5. Nbd2 {[%clk 00:59:13]} {[%emt 00:00:29]}
d6 {[%clk 00:59:30]} {[%emt 00:00:24]} 6. g3 {[%clk 00:59:16]} {[%emt
00:00:13]} Nf6 {[%clk 00:59:11]} {[%emt 00:00:32]} 7. Bg2 {[%clk 00:59:17]}
{[%emt 00:00:16]} O-O {[%clk 00:57:55]} {[%emt 00:00:27]} 8. O-O {[%clk
00:59:19]} {[%emt 00:01:16]} d5 {[%clk 00:57:50]} {[%emt 00:00:18]} 9. exd5
{[%clk 00:59:04]} {[%emt 00:00:33]} exd5 {[%clk 00:57:38]} {[%emt 00:00:25]}
10. Nb3 {[%clk 00:57:41]} {[%emt 00:01:39]} Bd7 {[%clk 00:51:09]} {[%emt
00:06:44]} 11. Bxc5 {[%clk 00:53:42]} {[%emt 00:04:15]} Bxc5 {[%clk 00:50:56]}
{[%emt 00:00:27]} 12. Nxc5 {[%clk 00:53:45]} {[%emt 00:00:12]} Qc8 {[%clk
00:50:25]} {[%emt 00:00:41]} 13. Nxd7 {[%clk 00:53:32]} {[%emt 00:00:33]} Qxd7
{[%clk 00:49:55]} {[%emt 00:00:43]} 14. Re1 {[%clk 00:52:52]} {[%emt 00:00:57]}
Ng4 {[%clk 00:48:55]} {[%emt 00:01:10]} 15. h3 {[%clk 00:50:23]} {[%emt
00:02:49]} Nf6 {[%clk 00:48:32]} {[%emt 00:00:37]} 16. c3 {[%clk 00:49:09]}
{[%emt 00:01:31]} Rfe8 {[%clk 00:48:03]} {[%emt 00:00:42]} 17. d4 {[%clk
00:48:20]} {[%emt 00:01:05]} Rxe1+ {[%clk 00:48:05]} {[%emt 00:00:13]} 18. Qxe1
{[%clk 00:48:23]} {[%emt 00:00:13]} Re8 {[%clk 00:48:09]} {[%emt 00:00:08]} 19.
Qd2 {[%clk 00:48:23]} {[%emt 00:00:16]} Ne4 {[%clk 00:47:35]} {[%emt 00:00:47]}
20. Qd3 {[%clk 00:47:44]} {[%emt 00:00:57]} Na5 {[%clk 00:40:33]} {[%emt
00:07:18]} 21. b3 {[%clk 00:45:57]} {[%emt 00:02:02]} Qe7 {[%clk 00:39:22]}
{[%emt 00:01:15]} 22. Re1 {[%emt 00:03:59]} Qa3 {[%clk 00:38:17]} {[%emt
00:00:06]} 23. Qc2 {[%clk 00:42:26]} {[%emt 00:01:27]} Nd6 {[%clk 00:35:41]}
{[%emt 00:02:48]} 24. Rxe8+ {[%clk 00:41:21]} {[%emt 00:01:23]} Nxe8 {[%clk
00:35:35]} {[%emt 00:00:20]} 25. Ne5 {[%clk 00:39:30]} {[%emt 00:02:06]} Nf6
{[%clk 00:35:04]} {[%emt 00:00:46]} 26. g4 {[%clk 00:36:53]} {[%emt 00:02:52]}
Qd6 {[%clk 00:33:24]} {[%emt 00:00:54]} 27. f4 {[%clk 00:35:50]} {[%emt
00:02:20]} h6 {[%clk 00:32:39]} {[%emt 00:00:57]} 28. Bf1 {[%clk 00:34:41]}
{[%emt 00:01:25]} Ne4 {[%clk 00:30:15]} {[%emt 00:02:39]} 29. Qc1 {[%clk
00:32:47]} {[%emt 00:02:11]} Ng3 {[%clk 00:30:03]} {[%emt 00:00:26]} 30. Bd3
{[%clk 00:31:50]} {[%emt 00:01:12]} a6 {[%clk 00:28:38]} {[%emt 00:01:38]} 31.
Qe3 {[%clk 00:30:51]} {[%emt 00:01:16]} Ne4 {[%clk 00:28:21]} {[%emt 00:00:32]}
32. Bxe4 {[%clk 00:30:19]} {[%emt 00:00:47]} dxe4 {[%clk 00:28:15]} {[%emt
00:00:20]} 33. Qxe4 {[%clk 00:30:11]} {[%emt 00:00:25]} Qa3 {[%clk 00:28:19]}
{[%emt 00:00:10]} 34. Qc2 {[%clk 00:30:02]} {[%emt 00:00:24]} f6 {[%clk
00:27:12]} {[%emt 00:01:22]} 35. Nf3 {[%clk 00:27:55]} {[%emt 00:02:23]} Qe7
{[%clk 00:25:55]} {[%emt 00:01:28]} 36. Kf2 {[%clk 00:27:16]} {[%emt 00:00:57]}
Qc7 {[%clk 00:25:28]} {[%emt 00:00:40]} 37. Qd2 {[%clk 00:26:38]} {[%emt
00:00:55]} Nc6 {[%clk 00:24:25]} {[%emt 00:01:18]} 38. d5 {[%clk 00:26:30]}
{[%emt 00:00:23]} Nb8 {[%clk 00:23:49]} {[%emt 00:00:50]} 39. d6 {[%clk
00:26:00]} {[%emt 00:00:46]} Qc6 {[%clk 00:23:10]} {[%emt 00:00:51]} 40. c4
{[%clk 00:25:05]} {[%emt 00:01:13]} Nd7 {[%clk 00:22:39]} {[%emt 00:00:46]} 41.
Qd5+ {[%clk 00:24:26]} {[%emt 00:03:21]} Kh8 {[%clk 00:21:00]} {[%emt
00:00:51]} 42. Qxc6 {[%clk 00:24:23]} {[%emt 00:00:19]} bxc6 {[%clk 00:20:55]}
{[%emt 00:00:19]} 43. Ke3 {[%clk 00:24:25]} {[%emt 00:00:15]} Kg8 {[%clk
00:20:54]} {[%emt 00:00:15]} 44. Kd4 {[%clk 00:24:27]} {[%emt 00:00:13]} Kf8
{[%clk 00:20:54]} {[%emt 00:00:13]} 45. c5 {[%clk 00:24:32]} {[%emt 00:00:14]}
Ke8 {[%clk 00:20:50]} {[%emt 00:00:13]} 46. b4 {[%clk 00:24:27]} {[%emt
00:00:25]} Kd8 {[%clk 00:20:34]} {[%emt 00:00:30]} 47. g5 {[%clk 00:23:55]}
{[%emt 00:00:47]} fxg5 {[%clk 00:20:33]} {[%emt 00:00:16]} 48. fxg5 {[%clk
00:23:48]} {[%emt 00:00:23]} hxg5 {[%clk 00:20:02]} {[%emt 00:00:45]} 49. Nxg5
{[%clk 00:23:35]} {[%emt 00:00:28]} g6 {[%clk 00:19:55]} {[%emt 00:00:20]} 50.
Ne6+ {[%clk 00:23:08]} {[%emt 00:00:44]} Ke8 {[%clk 00:19:31]} {[%emt
00:00:38]} 51. Nc7+ {[%clk 00:23:10]} {[%emt 00:00:15]} Kd8 {[%clk 00:19:27]}
{[%emt 00:00:18]} 52. Nxa6 {[%clk 00:23:09]} {[%emt 00:00:16]} g5 {[%clk
00:19:00]} {[%emt 00:00:41]} 53. Ke4 {[%clk 00:22:36]} {[%emt 00:00:49]} Kc8
{[%emt 00:02:25]} 1-0

[Event "DEM U8 2025"]
[Site "Willingen GER"]
[Date "2025.06.12"]
[Round "3"]
[White "Fabritius, Sylvester"]
[Black "Muradyan, Mark"]
[Result "1-0"]
[Termination "normal"]
[Board "16"]
[WhiteElo "1147"]
[BlackElo "849"]
[WhiteClock "00:50:59"]
[BlackClock "00:51:48"]
[PlyCount "87"]
[WhiteFideId "533026246"]
[EventCountry "GER"]
[EventRounds "7"]
[EventType "swiss"]
[EventDate "2025.06.10"]

1. d4 {[%clk 01:00:28]} {[%emt 00:00:01]} d5 {[%clk 01:00:23]} {[%emt
00:00:07]} 2. c4 {[%clk 01:00:38]} {[%emt 00:00:06]} e6 {[%clk 01:00:28]}
{[%emt 00:00:10]} 3. Nc3 {[%clk 01:00:30]} {[%emt 00:00:22]} Nf6 {[%clk
01:00:30]} {[%emt 00:00:13]} 4. Nf3 {[%clk 01:00:38]} {[%emt 00:00:07]} Bb4
{[%clk 01:00:20]} {[%emt 00:00:25]} 5. Bd2 {[%clk 01:00:46]} {[%emt 00:00:08]}
Nc6 {[%clk 01:00:10]} {[%emt 00:00:24]} 6. a3 {[%clk 01:00:46]} {[%emt
00:00:15]} Bxc3 {[%clk 01:00:14]} {[%emt 00:00:11]} 7. Bxc3 {[%clk 01:00:55]}
{[%emt 00:00:07]} O-O {[%clk 01:00:05]} {[%emt 00:00:23]} 8. e3 {[%clk
01:01:00]} {[%emt 00:00:11]} Bd7 {[%clk 01:00:00]} {[%emt 00:00:19]} 9. Bd3
{[%clk 01:00:54]} {[%emt 00:00:21]} b6 {[%clk 00:59:44]} {[%emt 00:00:31]} 10.
O-O {[%clk 01:00:54]} {[%emt 00:00:15]} dxc4 {[%clk 00:59:41]} {[%emt
00:00:18]} 11. Bxc4 {[%clk 01:00:53]} {[%emt 00:00:16]} Rb8 {[%clk 00:59:40]}
{[%emt 00:00:17]} 12. a4 {[%clk 01:00:55]} {[%emt 00:00:12]} Ne7 {[%clk
00:59:32]} {[%emt 00:00:23]} 13. Qe2 {[%clk 01:00:47]} {[%emt 00:00:21]} Bc6
{[%clk 00:59:20]} {[%emt 00:00:29]} 14. Ne5 {[%clk 01:00:38]} {[%emt 00:00:24]}
Bb7 {[%clk 00:59:08]} {[%emt 00:00:28]} 15. a5 {[%clk 00:59:30]} {[%emt
00:01:23]} bxa5 {[%clk 00:59:12]} {[%emt 00:00:10]} 16. Rxa5 {[%clk 00:59:04]}
{[%emt 00:00:41]} Nc6 {[%clk 00:59:08]} {[%emt 00:00:19]} 17. Nxc6 {[%clk
00:59:03]} {[%emt 00:00:16]} Bxc6 {[%clk 00:59:07]} {[%emt 00:00:17]} 18. Rxa7
{[%clk 00:59:00]} {[%emt 00:00:17]} h6 {[%clk 00:58:21]} {[%emt 00:01:01]} 19.
Ba5 {[%clk 00:58:39]} {[%emt 00:00:36]} Rc8 {[%clk 00:57:50]} {[%emt 00:00:46]}
20. Ba6 {[%clk 00:58:36]} {[%emt 00:00:19]} Ra8 {[%clk 00:57:27]} {[%emt
00:00:38]} 21. Rxc7 {[%clk 00:58:25]} {[%emt 00:00:25]} Qd5 {[%clk 00:57:19]}
{[%emt 00:00:23]} 22. Rxc6 {[%clk 00:57:42]} {[%emt 00:00:58]} Qxc6 {[%clk
00:57:18]} {[%emt 00:00:16]} 23. Bb5 {[%clk 00:57:43]} {[%emt 00:00:14]} Qd6
{[%clk 00:57:07]} {[%emt 00:00:26]} 24. Qd2 {[%clk 00:57:24]} {[%emt 00:00:33]}
Ng4 {[%clk 00:57:01]} {[%emt 00:00:22]} 25. g3 {[%clk 00:57:00]} {[%emt
00:00:39]} Qd5 {[%clk 00:56:41]} {[%emt 00:00:36]} 26. Bb4 {[%clk 00:55:20]}
{[%emt 00:01:54]} Rfb8 {[%clk 00:56:34]} {[%emt 00:00:22]} 27. Be2 {[%clk
00:55:13]} {[%emt 00:00:22]} Ra4 {[%clk 00:56:16]} {[%emt 00:00:33]} 28. Bc3
{[%clk 00:55:05]} {[%emt 00:00:23]} Qh5 {[%emt 00:01:50]} 29. h4 {[%clk
00:53:58]} Ra2 {[%clk 00:55:38]} {[%emt 00:00:39]} 30. Qd1 {[%clk 00:53:12]}
{[%emt 00:01:01]} Rba8 {[%clk 00:55:24]} {[%emt 00:00:27]} 31. Bxg4 {[%clk
00:53:14]} {[%emt 00:00:15]} Qg6 {[%clk 00:55:12]} {[%emt 00:00:25]} 32. Bf3
{[%clk 00:52:28]} {[%emt 00:01:03]} Ra1 {[%clk 00:55:09]} {[%emt 00:00:17]} 33.
Qe2 {[%clk 00:52:14]} {[%emt 00:00:30]} Rxf1+ {[%clk 00:55:06]} {[%emt
00:00:18]} 34. Qxf1 {[%clk 00:52:05]} {[%emt 00:00:24]} Qf5 {[%clk 00:54:54]}
{[%emt 00:00:24]} 35. Bxa8 {[%clk 00:51:59]} {[%emt 00:00:24]} g5 {[%clk
00:54:16]} {[%emt 00:00:53]} 36. hxg5 {[%clk 00:51:44]} {[%emt 00:00:30]} Qxg5
{[%clk 00:54:19]} {[%emt 00:00:13]} 37. Qg2 {[%clk 00:51:44]} {[%emt 00:00:14]}
Qg4 {[%clk 00:54:09]} {[%emt 00:00:25]} 38. Bf3 {[%clk 00:51:50]} {[%emt
00:00:10]} Qf5 {[%clk 00:53:41]} {[%emt 00:00:43]} 39. e4 {[%emt 00:00:39]} Qb5
40. d5 {[%emt 00:00:18]} Qa4 {[%clk 00:52:37]} {[%emt 00:00:32]} 41. Qh3 {[%clk
00:51:44]} {[%emt 00:00:23]} Qa1+ {[%clk 00:52:22]} {[%emt 00:00:32]} 42. Kg2
{[%clk 00:51:44]} {[%emt 00:00:14]} Kh7 {[%clk 00:52:06]} {[%emt 00:00:31]} 43.
Qg4 {[%clk 00:51:44]} {[%emt 00:00:14]} Qa6 {[%clk 00:51:48]} {[%emt 00:00:34]}
44. Qg7# {[%clk 00:50:59]} {[%emt 00:00:45]} 1-0

[Event "DEM U8 2025"]
[Site "Willingen GER"]
[Date "2025.06.12"]
[Round "3"]
[White "Rohr, Leo Max"]
[Black "Geiß, Janus Michael"]
[Result "1-0"]
[Termination "normal"]
[Board "17"]
[WhiteElo "1160"]
[BlackElo "1000"]
[WhiteClock "00:37:50"]
[BlackClock "00:39:15"]
[PlyCount "103"]
[WhiteFideId "533004340"]
[EventCountry "GER"]
[EventRounds "7"]
[EventType "swiss"]
[EventDate "2025.06.10"]

1. e4 {[%clk 01:00:28]} {[%emt 00:00:02]} e5 {[%clk 01:00:10]} {[%emt
00:00:20]} 2. Bc4 {[%clk 01:00:31]} {[%emt 00:00:13]} Nf6 {[%clk 00:59:55]}
{[%emt 00:00:30]} 3. Nc3 {[%clk 01:00:34]} {[%emt 00:00:12]} Nxe4 {[%clk
00:59:56]} {[%emt 00:00:14]} 4. Qh5 {[%clk 01:00:18]} {[%emt 00:00:30]} Nd6
{[%clk 00:59:48]} {[%emt 00:00:23]} 5. Bb3 {[%clk 01:00:16]} {[%emt 00:00:17]}
Nc6 {[%clk 00:59:31]} {[%emt 00:00:33]} 6. a3 {[%emt 00:00:24]} b6 {[%emt
00:00:20]} 7. d3 {[%clk 00:59:22]} {[%emt 00:00:13]} g6 {[%clk 00:59:40]}
{[%emt 00:00:18]} 8. Qf3 {[%clk 00:59:17]} {[%emt 00:00:19]} Bb7 {[%clk
00:59:35]} {[%emt 00:00:20]} 9. Qd1 {[%clk 00:58:32]} {[%emt 00:01:01]} Nd4
{[%clk 00:59:13]} {[%emt 00:00:34]} 10. Bd5 {[%clk 00:57:53]} {[%emt 00:00:53]}
Bg7 {[%clk 00:58:19]} {[%emt 00:01:09]} 11. Nf3 {[%clk 00:57:14]} {[%emt
00:00:56]} O-O {[%clk 00:58:05]} {[%emt 00:00:30]} 12. O-O {[%emt 00:00:22]}
Qe7 {[%emt 00:00:36]} 13. Re1 {[%clk 00:55:51]} {[%emt 00:00:40]} Rfe8 {[%clk
00:57:18]} {[%emt 00:01:02]} 14. Bxb7 {[%clk 00:55:48]} {[%emt 00:00:17]} Nxb7
{[%clk 00:57:22]} {[%emt 00:00:12]} 15. Nxd4 {[%clk 00:55:50]} {[%emt
00:00:13]} Qf6 {[%emt 00:03:47]} 16. Nf3 {[%clk 00:54:52]} {[%emt 00:00:12]}
Nc5 {[%clk 00:53:59]} {[%emt 00:01:07]} 17. Ne4 {[%clk 00:54:22]} {[%emt
00:00:45]} Nxe4 {[%clk 00:53:45]} {[%emt 00:00:30]} 18. dxe4 {[%clk 00:54:25]}
{[%emt 00:00:11]} d6 {[%clk 00:53:48]} {[%emt 00:00:13]} 19. Bg5 {[%clk
00:54:25]} {[%emt 00:00:14]} Qe6 {[%clk 00:53:53]} {[%emt 00:00:11]} 20. Qd5
{[%clk 00:52:44]} {[%emt 00:01:56]} Qxd5 {[%clk 00:53:24]} {[%emt 00:00:43]}
21. exd5 {[%emt 00:00:03]} e4 {[%emt 00:00:29]} 22. Nd2 {[%clk 00:52:17]}
{[%emt 00:00:10]} h6 {[%clk 00:52:56]} {[%emt 00:00:43]} 23. Be3 {[%clk
00:51:48]} {[%emt 00:00:44]} Bxb2 {[%clk 00:52:55]} {[%emt 00:00:16]} 24. Ra2
{[%clk 00:51:32]} {[%emt 00:00:31]} Bc3 {[%clk 00:52:58]} {[%emt 00:00:12]} 25.
Bxh6 {[%clk 00:51:28]} {[%emt 00:00:19]} Kh7 {[%clk 00:51:58]} {[%emt
00:01:08]} 26. Be3 {[%clk 00:51:29]} {[%emt 00:00:21]} Re5 {[%clk 00:51:44]}
{[%emt 00:00:30]} 27. Re2 {[%clk 00:51:10]} {[%emt 00:00:34]} f5 {[%clk
00:51:28]} {[%emt 00:00:29]} 28. Nb1 {[%clk 00:51:00]} {[%emt 00:00:25]} Ba5
{[%clk 00:51:22]} {[%emt 00:00:21]} 29. Bd2 {[%clk 00:50:57]} {[%emt 00:00:20]}
Rxd5 {[%clk 00:51:19]} {[%emt 00:00:18]} 30. c4 {[%clk 00:50:37]} {[%emt
00:00:34]} Re5 {[%clk 00:50:50]} {[%emt 00:00:44]} 31. Bxa5 {[%clk 00:50:36]}
{[%emt 00:00:16]} Rxa5 {[%clk 00:50:48]} {[%emt 00:00:11]} 32. h3 {[%emt
00:01:51]} Re8 {[%clk 00:48:48]} {[%emt 00:01:18]} 33. Nd2 {[%clk 00:47:52]}
{[%emt 00:02:11]} c6 {[%clk 00:47:49]} {[%emt 00:01:30]} 34. Nb3 {[%clk
00:47:41]} {[%emt 00:00:24]} Ra4 {[%clk 00:47:20]} {[%emt 00:00:45]} 35. Nd2
{[%clk 00:47:00]} {[%emt 00:00:57]} d5 {[%clk 00:46:21]} {[%emt 00:01:14]} 36.
cxd5 {[%clk 00:47:04]} {[%emt 00:00:10]} cxd5 {[%clk 00:45:17]} {[%emt
00:00:11]} 37. f3 {[%clk 00:46:33]} {[%emt 00:01:53]} e3 {[%clk 00:45:28]}
{[%emt 00:00:05]} 38. Nf1 {[%clk 00:45:53]} {[%emt 00:00:55]} d4 {[%clk
00:45:37]} {[%emt 00:00:07]} 39. Kh2 {[%clk 00:44:47]} {[%emt 00:01:20]} f4
{[%clk 00:45:27]} {[%emt 00:00:24]} 40. g3 {[%clk 00:44:40]} {[%emt 00:00:22]}
g5 {[%clk 00:45:37]} {[%emt 00:00:07]} 41. Ra1 {[%clk 00:43:30]} {[%emt
00:01:25]} d3 {[%clk 00:45:40]} {[%emt 00:00:11]} 42. Ree1 {[%clk 00:43:17]}
{[%emt 00:00:28]} d2 {[%clk 00:45:27]} {[%emt 00:00:29]} 43. Nxd2 {[%clk
00:43:01]} {[%emt 00:00:30]} Rd4 {[%clk 00:44:25]} {[%emt 00:01:17]} 44. Ne4
{[%clk 00:42:48]} {[%emt 00:00:29]} Kg6 {[%clk 00:44:09]} {[%emt 00:00:30]} 45.
gxf4 {[%clk 00:40:52]} {[%emt 00:02:11]} gxf4 {[%clk 00:42:32]} {[%emt
00:01:51]} 46. Rg1+ {[%clk 00:40:50]} {[%emt 00:00:17]} Kf5 {[%clk 00:41:32]}
{[%emt 00:01:16]} 47. h4 {[%clk 00:39:43]} {[%emt 00:01:21]} e2 {[%clk
00:40:26]} {[%emt 00:01:23]} 48. Rge1 {[%clk 00:37:55]} {[%emt 00:02:03]} Rd3
{[%clk 00:40:20]} {[%emt 00:00:21]} 49. Rxe2 {[%clk 00:38:01]} {[%emt
00:00:09]} Rxf3 {[%clk 00:40:14]} {[%emt 00:00:21]} 50. Nd6+ {[%clk 00:38:04]}
{[%emt 00:00:12]} Kg4 {[%clk 00:39:50]} {[%emt 00:00:35]} 51. Nxe8 {[%clk
00:37:58]} {[%emt 00:00:24]} Rg3 {[%clk 00:39:15]} {[%emt 00:00:50]} 52. Rg1
{[%clk 00:37:50]} {[%emt 00:00:24]} 1-0

[Event "DEM U8 2025"]
[Site "Willingen GER"]
[Date "2025.06.12"]
[Round "3"]
[White "Weller, Markus"]
[Black "Dowgialo, Franciszek"]
[Result "1-0"]
[Termination "normal"]
[Board "18"]
[WhiteElo "1239"]
[BlackElo "1044"]
[WhiteClock "00:37:27"]
[BlackClock "00:34:13"]
[PlyCount "105"]
[WhiteFideId "533033838"]
[EventCountry "GER"]
[EventRounds "7"]
[EventType "swiss"]
[EventDate "2025.06.10"]

1. Nf3 {[%clk 01:00:21]} {[%emt 00:00:09]} d5 {[%clk 01:00:17]} {[%emt
00:00:13]} 2. g3 {[%clk 01:00:10]} {[%emt 00:00:26]} e6 {[%clk 00:59:56]}
{[%emt 00:00:35]} 3. Bg2 {[%clk 00:59:43]} {[%emt 00:00:42]} Nf6 {[%clk
00:59:45]} {[%emt 00:00:26]} 4. O-O {[%clk 00:59:30]} {[%emt 00:00:29]} Be7
{[%clk 00:59:36]} {[%emt 00:00:24]} 5. d4 {[%clk 00:59:26]} {[%emt 00:00:19]}
b6 {[%clk 00:59:00]} {[%emt 00:00:50]} 6. Bf4 {[%clk 00:59:14]} {[%emt
00:00:25]} O-O {[%clk 00:58:56]} {[%emt 00:00:22]} 7. Nbd2 {[%emt 00:02:36]}
Bb7 {[%clk 00:57:17]} {[%emt 00:00:29]} 8. c3 {[%clk 00:58:14]} {[%emt
00:00:19]} c5 {[%clk 00:56:44]} {[%emt 00:00:48]} 9. e3 {[%clk 00:57:54]}
{[%emt 00:00:36]} Nbd7 {[%clk 00:56:33]} {[%emt 00:00:25]} 10. Ne5 {[%clk
00:57:52]} {[%emt 00:00:17]} Ba6 {[%clk 00:55:59]} {[%emt 00:00:49]} 11. Nc6
{[%clk 00:56:51]} {[%emt 00:01:13]} Qe8 {[%clk 00:55:06]} {[%emt 00:01:11]} 12.
Re1 {[%clk 00:56:19]} {[%emt 00:00:47]} Rc8 {[%clk 00:53:23]} {[%emt 00:01:57]}
13. Nxa7 {[%clk 00:54:55]} {[%emt 00:01:40]} Rd8 {[%clk 00:50:23]} {[%emt
00:03:15]} 14. Qa4 {[%clk 00:52:49]} {[%emt 00:02:20]} Bd3 {[%clk 00:47:42]}
{[%emt 00:02:44]} 15. Nb5 {[%clk 00:52:00]} {[%emt 00:01:15]} e5 {[%clk
00:45:05]} {[%emt 00:02:54]} 16. Nc7 {[%clk 00:51:22]} {[%emt 00:00:53]} Ra8
{[%clk 00:44:02]} {[%emt 00:01:18]} 17. Nxa8 {[%clk 00:51:10]} {[%emt
00:00:28]} Qxa8 {[%clk 00:43:08]} {[%emt 00:01:07]} 18. Qxa8 {[%clk 00:51:05]}
{[%emt 00:00:20]} Rxa8 {[%clk 00:42:58]} {[%emt 00:00:25]} 19. dxe5 {[%clk
00:48:35]} {[%emt 00:02:47]} Ne8 {[%clk 00:41:28]} {[%emt 00:01:44]} 20. Bxd5
{[%clk 00:47:24]} {[%emt 00:01:24]} Rc8 {[%clk 00:40:47]} {[%emt 00:00:56]} 21.
e6 {[%clk 00:46:46]} {[%emt 00:00:56]} fxe6 {[%clk 00:40:09]} {[%emt 00:00:52]}
22. Bxe6+ {[%clk 00:45:53]} {[%emt 00:01:08]} Kf8 {[%clk 00:39:47]} {[%emt
00:00:37]} 23. Bxd7 {[%clk 00:44:58]} {[%emt 00:01:11]} Rd8 {[%clk 00:39:27]}
{[%emt 00:00:35]} 24. Bxe8 {[%clk 00:44:47]} {[%emt 00:00:25]} Kxe8 {[%clk
00:39:24]} {[%emt 00:00:18]} 25. Nb3 {[%clk 00:43:23]} {[%emt 00:01:39]} c4
{[%clk 00:38:37]} {[%emt 00:01:02]} 26. Nc1 {[%clk 00:42:57]} {[%emt 00:00:41]}
g5 {[%clk 00:38:11]} {[%emt 00:00:41]} 27. Nxd3 {[%clk 00:42:33]} {[%emt
00:00:39]} cxd3 {[%clk 00:38:16]} {[%emt 00:00:10]} 28. Bc7 {[%clk 00:41:51]}
{[%emt 00:00:57]} Rd7 {[%clk 00:38:21]} {[%emt 00:00:11]} 29. Bxb6 {[%clk
00:40:32]} {[%emt 00:01:34]} d2 {[%clk 00:38:22]} {[%emt 00:00:14]} 30. Red1
{[%clk 00:40:33]} {[%emt 00:00:14]} Rd3 {[%clk 00:38:21]} {[%emt 00:00:15]} 31.
Bd4 {[%clk 00:39:34]} {[%emt 00:01:14]} Kd7 {[%clk 00:38:20]} {[%emt 00:00:16]}
32. Kf1 {[%clk 00:39:42]} {[%emt 00:00:06]} Kd6 {[%clk 00:37:18]} {[%emt
00:01:17]} 33. Ke2 {[%clk 00:39:46]} {[%emt 00:00:12]} Rxd4 {[%clk 00:37:08]}
{[%emt 00:00:25]} 34. exd4 {[%clk 00:39:49]} {[%emt 00:00:12]} g4 {[%clk
00:36:48]} {[%emt 00:00:35]} 35. Rxd2 {[%clk 00:39:35]} {[%emt 00:00:28]} Bg5
{[%clk 00:36:48]} {[%emt 00:00:15]} 36. Rd3 {[%clk 00:39:25]} {[%emt 00:00:27]}
Kd5 {[%clk 00:36:51]} {[%emt 00:00:11]} 37. f3 {[%clk 00:39:26]} {[%emt
00:00:13]} h5 {[%clk 00:36:55]} {[%emt 00:00:12]} 38. f4 {[%clk 00:39:20]}
{[%emt 00:00:22]} gxf3+ {[%emt 00:00:11]} 39. Kxf3 {[%emt 00:00:24]} Kc4 {[%clk
00:36:15]} {[%emt 00:00:19]} 40. Ke4 {[%clk 00:39:21]} {[%emt 00:00:14]} Bd8
{[%clk 00:35:30]} {[%emt 00:00:57]} 41. b3+ {[%clk 00:38:53]} {[%emt 00:00:46]}
Kb5 {[%clk 00:35:24]} {[%emt 00:00:20]} 42. Rf1 {[%clk 00:38:51]} {[%emt
00:00:17]} Be7 {[%clk 00:35:26]} {[%emt 00:00:14]} 43. Rf5+ {[%clk 00:38:49]}
{[%emt 00:00:17]} Kc6 {[%clk 00:35:27]} {[%emt 00:00:14]} 44. Rxh5 {[%clk
00:38:52]} {[%emt 00:00:11]} Kd7 {[%clk 00:35:15]} {[%emt 00:00:27]} 45. c4
{[%clk 00:38:43]} {[%emt 00:00:25]} Kc6 {[%clk 00:35:22]} {[%emt 00:00:08]} 46.
Rf3 {[%clk 00:38:29]} {[%emt 00:00:29]} Kd6 {[%clk 00:35:15]} {[%emt 00:00:21]}
47. Rff5 {[%clk 00:38:14]} {[%emt 00:00:30]} Kc6 {[%clk 00:34:47]} {[%emt
00:00:43]} 48. Rh6+ {[%clk 00:38:06]} {[%emt 00:00:24]} Bd6 {[%clk 00:34:46]}
{[%emt 00:00:16]} 49. Rd5 {[%clk 00:37:28]} {[%emt 00:00:53]} Kb6 {[%emt
00:00:12]} 50. Rhxd6+ {[%emt 00:00:10]} Kc7 {[%clk 00:34:21]} {[%emt 00:00:17]}
51. Rh6 {[%clk 00:37:28]} {[%emt 00:00:14]} Kc8 {[%clk 00:34:10]} {[%emt
00:00:27]} 52. Rh7 {[%clk 00:37:27]} {[%emt 00:00:16]} Kb8 {[%clk 00:34:13]}
{[%emt 00:00:13]} 53. Rd8# {[%emt 00:00:07]} 1-0